[Event "GER-chT U12"]
[Site "Arendsee"]
[Date "2011.12.30"]
[Round "7.1"]
[White "Von Angern, Cedric"]
[Black "Fesenmeier, Lukas"]
[Result "0-1"]
[WhiteElo "1450"]
[BlackElo "1462"]
[PlyCount "116"]
[EventDate "2011.12.27"]
[EventType "team-swiss"]
[EventRounds "7"]
[EventCountry "GER"]
[SourceTitle "EXT 2022"]
[Source "ChessBase"]
[SourceDate "2021.10.06"]
[SourceVersion "1"]
[SourceVersionDate "2021.10.06"]
[SourceQuality "1"]
[WhiteTeam "Magdeburg Aufbau Elbe U12"]
[BlackTeam "Endingen U12"]
[WhiteTeamCountry "GER"]
[BlackTeamCountry "GER"]

1. e4 e5 2. Nf3 Nc6 3. Bc4 Bc5 4. 0-0 Nf6 5. d4 Nxd4 6. Nxe5 0-0 7. Nc3 d6 8. Nf3 Bg4 9. Be2 Nxe2+ 10. Qxe2 h6 11. h3 Bh5 12. Bf4 Re8 13. Qd3 Bg6 14. Nd2 Bb4 15. f3 Bc5+ 16. Be3 Bxe3+ 17. Qxe3 d5 18. Qd3 dxe4 19. Ndxe4 Nxe4 20. Nxe4 Qxd3 21. cxd3 Rad8 22. Rfd1 Rd4 23. Rac1 c6 24. Re1 f5 25. Nf2 Kf7 26. Rxe8 Kxe8 27. Rc4 Rxc4 28. dxc4 Kd7 29. Nd3 Bf7 30. b3 b6 31. Ne5+ Ke6 32. Nxc6 a5 33. f4 Kd6 34. Nd4 Be6 35. Kf2 Bd7 36. g3 Kc5 37. Nc2 Bc6 38. a3 a4 39. b4+ Kxc4 40. Ne3+ Kb3 41. Nxf5 Kxa3 42. Nxg7 Kb2 43. f5 a3 44. f6 Bd5 45. Nf5 a2 46. Nxh6 a1Q 47. f7 Bxf7 48. Nxf7 Qa7 49. Ne5 b5+ 50. Kf3 Qa8+ 51. Ke3 Qg2 52. g4 Qxh3+ 53. Kf4 Qf1+ 54. Kg3 Qe1+ 55. Kf4 Qxb4+ 56. Kf5 Qf8+ 57. Ke4 Kc3 58. g5 b4 0-1

[Event "GER-chT U12"]
[Site "Arendsee"]
[Date "2011.12.29"]
[Round "5.1"]
[White "Von Angern, Cedric"]
[Black "Rieper, Julian"]
[Result "0-1"]
[WhiteElo "1450"]
[BlackElo "1477"]
[PlyCount "106"]
[EventDate "2011.12.27"]
[EventType "team-swiss"]
[EventRounds "7"]
[EventCountry "GER"]
[SourceTitle "EXT 2022"]
[Source "ChessBase"]
[SourceDate "2021.10.06"]
[SourceVersion "1"]
[SourceVersionDate "2021.10.06"]
[SourceQuality "1"]
[WhiteTeam "Magdeburg Aufbau Elbe U12"]
[BlackTeam "Kiel Doppelbauer U12"]
[WhiteTeamCountry "GER"]
[BlackTeamCountry "GER"]

1. e4 e6 2. d4 d5 3. Nc3 Nf6 4. e5 Nfd7 5. Nf3 c5 6. Be3 Nc6 7. Bb5 a6 8. Bxc6 bxc6 9. Ne2 Qc7 10. Bf4 Rb8 11. b3 Be7 12. 0-0 0-0 13. Rc1 cxd4 14. Nexd4 c5 15. Ne2 a5 16. Re1 Ba6 17. Qd2 a4 18. Red1 Ra8 19. c4 Nb6 20. cxd5 Nxd5 21. Bg3 axb3 22. axb3 Rfb8 23. Rb1 Bxe2 24. Qxe2 Nc3 25. Qc2 Nxb1 26. Rxb1 c4 27. Nd2 c3 28. Ne4 Bb4 29. Ng5 g6 30. Ne4 Qa5 31. Qc1 Qa2 32. h3 c2 33. Nf6+ Kg7 34. Rb2 Ba3 35. Rxa2 Bxc1 36. Rxc2 Bg5 37. Rb2 Rb4 38. Nd7 Be7 39. Rc2 Rxb3 40. Nc5 Bxc5 41. Rxc5 Ra1+ 42. Kh2 g5 43. f3 Rb2 44. h4 h6 45. hxg5 hxg5 46. Rc3 Raa2 47. Kh3 Rxg2 48. Re3 Rg1 49. Re1 Rxe1 50. Bxe1 Kg6 51. Kg4 Rg2+ 52. Bg3 Rxg3+ 53. Kxg3 Kf5 0-1

[Event "GER-chT U12"]
[Site "Arendsee"]
[Date "2011.12.28"]
[Round "3.1"]
[White "Von Angern, Cedric"]
[Black "Boehning, Kilian"]
[Result "0-1"]
[WhiteElo "1450"]
[BlackElo "1738"]
[PlyCount "134"]
[EventDate "2011.12.27"]
[EventType "team-swiss"]
[EventRounds "7"]
[EventCountry "GER"]
[SourceTitle "EXT 2022"]
[Source "ChessBase"]
[SourceDate "2021.10.06"]
[SourceVersion "1"]
[SourceVersionDate "2021.10.06"]
[SourceQuality "1"]
[WhiteTeam "Magdeburg Aufbau Elbe U12"]
[BlackTeam "Hagen U12"]
[WhiteTeamCountry "GER"]
[BlackTeamCountry "GER"]

1. e4 c5 2. Nf3 Nc6 3. d4 cxd4 4. Nxd4 g6 5. c4 Bg7 6. Be3 Nf6 7. Nc3 0-0 8. Be2 Qa5 9. 0-0 d6 10. f3 Bd7 11. Qd2 Rfc8 12. Rab1 Ne5 13. b3 Qd8 14. Rbc1 b6 15. Nd5 Qf8 16. Rc3 Nxd5 17. exd5 Rc7 18. Rfc1 h5 19. R1c2 Rac8 20. Bf1 Kh7 21. Qe1 Bf6 22. Qc1 Qg7 23. Qd2 Rg8 24. Kh1 Rgc8 25. Kg1 Rd8 26. Rc1 Rdc8 27. R1c2 Rh8 28. Rc1 a6 29. R1c2 Rhc8 30. Rc1 Rb7 31. b4 Rbc7 32. a3 h4 33. h3 Rd8 34. f4 Nf3+ 35. gxf3 e5 36. dxe6 fxe6 37. R3c2 e5 38. Nb3 Ba4 39. Bxb6 Rf7 40. Bxd8 Bxd8 41. Rc3 Rxf4 42. Qxd6 Bf6 43. Qd2 Bg5 44. Qg2 Qf6 45. R1c2 Bc6 46. Be2 e4 47. Nd2 Qd4+ 48. Qf2 e3 49. Rxe3 Rg4+ 50. fxg4 Bxe3 51. Nf3 Bxf2+ 52. Kf1 Bxf3 53. Bxf3 Bg3 54. Kg2 Qd3 55. Re2 Qxa3 56. c5 Qxb4 57. c6 Qc5 58. Rd2 Bd6 59. Ra2 Qe5 60. Kf1 a5 61. Rd2 a4 62. Rd5 Qf4 63. Rd3 a3 64. Ke2 a2 65. Rd1 Qe5+ 66. Kf2 a1Q 67. Rxa1 Qxa1 0-1